Investigaciones ecológico-pesqueras de la langosta Panulirus argus en la plataforma dominicana /
Salvato in:
| Autore principale: | |
|---|---|
| Enti autori: | , |
| Altri autori: | |
| Natura: | testo |
| Lingua: | Spanish |
| Pubblicazione: |
Santo Domingo:
INTEC
|
| Soggetti: | |
| Tags: |
Aggiungi Tag
Nessun Tag, puoi essere il primo ad aggiungerne!!
|
MARC
| LEADER | 00000 a a2200000 04500 | ||
|---|---|---|---|
| 001 | 30498 | ||
| 003 | cru CIDCACS/IIS | ||
| 005 | 20190826102839.0 | ||
| 008 | 190826b2003 DOM||||| |||| 00| 0 spa d | ||
| 999 | |c 12790 |d 12790 | ||
| 020 | |a 99934-25-47-8 | ||
| 040 | |c cru CIDCACS/IIS | ||
| 090 | |a 07.10.01 H565i | ||
| 100 | |a Herrera Moreno, Alejandro | ||
| 110 | |a Instituto Tecnológico de Santo Domingo | ||
| 245 | |a Investigaciones ecológico-pesqueras de la langosta Panulirus argus en la plataforma dominicana / |c Instituto Tecnológico de Santo Domingo | ||
| 260 | |a Santo Domingo: |b INTEC | ||
| 300 | |a 133 p. |b map. | ||
| 650 | |a LANGOSTAS | ||
| 650 | |a INVESTIGACION ECOLOGICA | ||
| 650 | |a PESCA | ||
| 700 | |a Betancourt Fernández, Liliana | ||
| 710 | |a INTEC |a Programa EcoMar | ||
| 942 | |2 ddc |c LI | ||



